Érase una vez Don Quijote / (Registro nro. 8925)

Detalles MARC
000 -LIDER
fixed length control field 00808nam a22002537a 4500
001 - NÚMERO DE CONTROL
Identificador de número de control 00260
003 - IDENTIFICACDOR DE NÚMERO DE CONTROL
control field DO-SdBNP
005 - DATE AND TIME OF LATEST TRANSACTION
control field 20151126102521.0
008 - ELEMENTOS DE LONGITUD FIJA
fixed length control field 151126b 2005 sp xxu||||| |||| 00| 0 spa d
020 ## - ISBN
International Standard Book Number 8431678496
040 ## - FUENTE DE CATALOGACIÓN
Agencia que crea de manera original el registro BPMSU
Idioma de catalogación spa
Agencia que realiza la transcripción BPMSU
092 ## - LOCALLY ASSIGNED DEWEY DECIMAL CALL NUMBER
Número de clasificación xxxxx
Número de ítem (Cutter) xxxxx
100 1# - ASIENTO PRINCIPAL -- NOMBRE PERSONAL
Nombre personal Cervantes Saavedra, Miguel de,
Fechas asociadas con el nombre 1547-1616.
245 10 - MENCIÓN DE TITULO
Título Érase una vez Don Quijote /
Mención de responsabilidad Miguel de Cervantes ; adaptación y actividades Agustín Sánchez Aguilar ; ilustraciones Nivio López Vigil.
260 ## - PUBLICACIÓN, DISTRIBUCIÓN, ETC. (PIE DE IMPRENTA)
Lugar de publicación, distribución, etc Barcelona :
Nombre del editor, distribuidor, etc. Vicens Vives,
Fecha de publicación, distribución, etc 20005.
300 ## - DESCRIPCIÓN FÍSICA
Extensión 102 p.
Otros detalles físicos il. ;
Dimensiones 22 cm.
490 1# - MENCIÓN DE SERIES
Mención de serie Piñata
Volume/sequential designation 10
700 12 - ASIENTO SECUNDARIO -- NOMBRE PERSONAL
Nombre personal Sánchez Aguilar, Agustín
700 12 - ASIENTO SECUNDARIO -- NOMBRE PERSONAL
Nombre personal López Vigil, Nivio,
Mención de responsabilidad il.
830 #0 - ASIENTO SECUNDARIO DE SERIE--TÍTULO UNIFORME
Título uniforme Piñata ;
Número de la parte o sección de una obra 10
910 ## - VALIDACIÓN
Validación 00260
942 ## - ADDED ENTRY ELEMENTS (KOHA)
Source of classification or shelving scheme Dewey Decimal Classification
Koha item type Libros
956 ## - LOCAL ELECTRONIC LOCATION AND ACCESS (OCLC)
Nombre de host Lorenza Péerez
Número de acceso 10
Existencias
Withdrawn status Lost status Source of classification or shelving scheme Damaged status Not for loan Home library Current library Date acquired Source of acquisition Total Checkouts Barcode Date last seen Copy number Price effective from Koha item type
    Dewey Decimal Classification     Biblioteca Pública Metropolitana Salomé Ureña Biblioteca Pública Metropolitana Salomé Ureña 11/26/2015 Donación   BPMSU15110497 11/26/2015 1 ej. 11/26/2015 Libros